[Event "FRA-ch op-D"]
[Site "Caen"]
[Date "2011.08.16"]
[Round "1"]
[White "Dautheville, Eric"]
[Black "Le Boette, Guershom"]
[Result "1-0"]
[WhiteElo "1379"]
[BlackElo "1499"]
[PlyCount "111"]
[EventDate "2011.08.16"]
[EventType "swiss"]
[EventRounds "9"]
[EventCountry "FRA"]
[SourceTitle "EXT 2012"]
[Source "ChessBase"]
[SourceDate "2011.11.24"]
[SourceVersion "1"]
[SourceVersionDate "2011.11.24"]
[SourceQuality "1"]

1. d4 e5 2. dxe5 f6 3. exf6 Nxf6 4. Nf3 Bc5 5. e3 d5 6. Nc3 Nc6 7. Bb5 Bd7 8. Nxd5 0-0 9. 0-0 Be6 10. Nxf6+ Qxf6 11. a3 Rad8 12. Qe2 Qg6 13. Bd3 Bf5 14. Bxf5 Qxf5 15. b4 Be7 16. Bb2 Rd6 17. Nd4 Qe4 18. Qc4+ Kh8 19. Rfd1 Rg6 20. Qf1 Nxd4 21. Bxd4 Qxc2 22. Rac1 Qe4 23. g3 Bh4 24. Qg2 Qxg2+ 25. Kxg2 Bg5 26. Rxc7 Rb8 27. Bxa7 Rd8 28. Rxd8+ Bxd8 29. Rxb7 Ra6 30. Rb8 Kg8 31. Rxd8+ Kf7 32. Rd7+ Kg6 33. Bd4 Rxa3 34. Rxg7+ Kh6 35. Ra7 Rb3 36. Ra6+ Kh5 37. Ra5+ Kg6 38. b5 h5 39. h3 Rb4 40. b6 Kf7 41. Ra7+ Kg6 42. b7 Kg5 43. f4+ Kh6 44. Be5 Rb6 45. b8Q Rxb8 46. Bxb8 Kg6 47. Ra5 Kh6 48. Kf3 Kg6 49. Ke4 Kh6 50. Kf5 Kg7 51. Ra6 Kh7 52. Rf6 Kg7 53. Kg5 Kh7 54. Rf7+ Kg8 55. Kg6 Kh8 56. Rf8# 1-0